Normal view
MARC view
- Yanushevsky, Rafael
Entry Personal Name
001 - CONTROL NUMBER
- control field: 110918
003 - CONTROL NUMBER IDENTIFIER
- control field: NUST
005 - DATE AND TIME OF LATEST TRANSACTION
- control field: 20230321142600.0
008 - FIXED-LENGTH DATA ELEMENTS
- fixed length control field: 230321|| aca||aabn | a|a d
040 ## - CATALOGING SOURCE
- Original cataloging agency: NUST
- Transcribing agency: NUST
100 ## - HEADING--PERSONAL NAME
- Personal name: Yanushevsky, Rafael
670 ## - SOURCE DATA FOUND
- Source citation: Work cat.: (NUST)0: Yanushevsky, Rafael., Modern missile guidance /, c2008.
